| 000 | 00443nam a2200133Ia 4500 | ||
|---|---|---|---|
| 008 | 231129s2011||||xx |||||||||||||| ||spa|| | ||
| 020 | _a978-958-8755-03-8 | ||
| 082 | _aER- 246 | ||
| 100 | _aDinámica migratoria. Unilibre Pereira | ||
| 245 | 0 | _aDinámica migratoria en Risaralda: en 12 municipios del departamento de Risaralda | |
| 260 | _c2011 | ||
| 264 | _aPereira: Gráficas Buda 2011 | ||
| 942 |
_2ddc _cBKS |
||
| 999 |
_c9573 _d9573 |
||